Tintin - Multiple Choice - Statistics

General Stats
  • This quiz has been taken 200 times
  • The average score is 8 of 13
Answer Stats
Question Answer % Correct
What is the French name for Snowy? Milou
91%
Which book was turned into a 3D Live-Action Movie? The Crab with the Golden Claws, The Secret of the Unicorn, and Red Rackham’s Treasure
91%
Where did Tintin go in “Tintin in America”? Chicago
88%
Who is the creator of Tintin? Georges Remi
81%
Who is the main antagonist in, “The Secret of the Unicorn?” The Bird Brothers
77%
What is Tintin’s last adventure? Tintin and Alph-Art
72%
When was the comic, “Tintin in the Land of the Soviets,” started? 1929
65%
Who came first? Castafiore or Haddock? Castafiore
49%
What book was originally meant to secede King Ottokar’s Sceptre? Land of Black Gold
42%
Who is the first friend of Tintin? (excluding Snowy) The Thompsons
42%
Which book was turned into a game? Tintin in Tibet
23%
How many books has General Alcazar appeared in? 4
19%
In what book did Tintin go to Syldavia for the last time? The Calculus Affair
19%
No matching quizzes found
Score Distribution
Percent of People with Each Score
Percentile by Number Answered
Your Score History
You have not taken this quiz